|
|
|
|
| LEADER |
00000nam a22000005a 4500 |
| 001 |
vtls010431813 |
| 003 |
SK-MaSNL |
| 005 |
20260425232918.0 |
| 008 |
240318s2012 xo dbl e 000 0 slo |
| 015 |
|
|
|a SNBA2012/06-03446
|
| 020 |
|
|
|a 9788055207544
|q (brož.)
|
| 035 |
|
|
|a 45EFCCEF-8F0A-4819-9E17-BDE00815E9AA
|
| 035 |
|
|
|a urn:nbn:sk:snk-amjl00
|
| 035 |
|
|
|a urn:nbn:sk:snk-am000wr1
|
| 040 |
|
|
|a SNK
|b slo
|c SNK
|e AACR2
|
| 041 |
0 |
|
|a slo
|
| 043 |
|
|
|a e-xo---
|
| 044 |
|
|
|a xo
|c SK
|
| 072 |
|
7 |
|a 332
|x Regionálna ekonómia, regionálna ekonomika
|2 konspekt
|
| 080 |
|
|
|a 371
|2 2001
|
| 080 |
|
|
|a 339.926
|2 2001
|
| 080 |
|
|
|a 338.49
|2 2001
|
| 080 |
|
|
|a 332.1
|2 2001
|
| 080 |
|
|
|a (048.8)
|2 2001
|
| 080 |
|
|
|a 332.14
|2 2001
|
| 080 |
|
|
|a 005.8
|2 2001
|
| 080 |
|
|
|a (437.6)
|2 2001
|
| 100 |
1 |
|
|a Pätoprstý, Mário
|4 aut
|9 483961
|
| 245 |
1 |
0 |
|a Efektívnosť využitia štrukturálnych fondov ako nástroja znižovania regionálnych disparít v oblasti školskej infraštruktúry
|c Mário Pätoprstý, Anna Bandlerová, Pavol Schwarcz
|
| 250 |
|
|
|a 1. vyd.
|
| 260 |
|
|
|a Nitra
|b Slovenská poľnohospodárska univerzita
|c 2012
|
| 300 |
|
|
|a 219 s.
|b grafy, mp., tab.
|c 25 cm
|
| 366 |
|
|
|e 50 výt.
|
| 504 |
|
|
|a Bibliogr. s. 194-206. Zoz. skrat. a zn.
|
| 650 |
0 |
7 |
|a štrukturálne fondy
|2 SNKPH
|9 4193
|
| 650 |
0 |
7 |
|a infraštruktúra
|2 SNKPH
|9 28765
|
| 650 |
0 |
7 |
|a regionálne rozdiely
|2 SNKPH
|9 28943
|
| 650 |
0 |
7 |
|a Education
|2 SNKPHeng
|9 265320
|
| 650 |
0 |
7 |
|a Structural funds
|2 SNKPHeng
|9 318540
|
| 650 |
0 |
7 |
|a Infrastructure
|2 SNKPHeng
|9 102021
|
| 650 |
0 |
7 |
|a Regional disparities
|2 SNKPHeng
|9 329195
|
| 650 |
0 |
7 |
|a školstvo
|2 SNKPH
|9 19712
|
| 650 |
0 |
7 |
|a Regional policy
|2 SNKPHeng
|9 315259
|
| 650 |
0 |
7 |
|a regionálna politika
|2 SNKPH
|9 2351
|
| 650 |
0 |
7 |
|a Project management
|2 SNKPHeng
|9 313543
|
| 650 |
0 |
7 |
|a projektový manažment
|2 SNKPH
|9 937
|
| 651 |
|
7 |
|a Slovensko
|2 SNKPH
|9 14231
|
| 651 |
|
7 |
|a Slovakia
|2 SNKPHeng
|9 92630
|
| 655 |
|
7 |
|a monografie
|2 SNKPH
|9 70139
|
| 655 |
|
7 |
|a Monographs
|2 SNKPHeng
|9 120675
|
| 700 |
1 |
|
|a Bandlerová, Anna,
|d 1949-
|4 aut
|9 188360
|
| 700 |
1 |
|
|a Schwarcz, Pavil
|4 aut
|9 483962
|
| 852 |
|
|
|a Štátna vedecká knižnica v Banskej Bystrici
|
| 919 |
|
|
|a 978-80-552-0754-4
|
| 958 |
|
|
|a NB
|
| 968 |
|
|
|d 37
|
| 999 |
|
|
|c 751749
|d 753679
|
| 952 |
|
|
|a SNK
|b SNK
|y PREZ
|7 0
|p 17A1030603
|o snkSC 150089
|i snk2012/12324
|8 0
|0 0
|1 0
|4 0
|d 2012-06-22
|l 0
|r 2025-07-18 00:00:00
|w 2026-02-23
|
| 952 |
|
|
|a SNK
|b SNK
|y VYP
|7 0
|p 17A1030604
|o snkSC 150089 D1
|i snk2012/12325
|8 0
|0 0
|1 0
|4 0
|d 2012-06-22
|f 1
|l 0
|r 2026-02-23 23:35:30
|w 2026-02-23
|